[Event "Oberpfalz-ch M1"]
[Site "Bad Koetzting"]
[Date "2018.03.25"]
[Round "4"]
[White "Landstorfer, Raphael"]
[Black "Achhammer, Thomas"]
[Result "0-1"]
[WhiteElo "1867"]
[BlackElo "1809"]
[PlyCount "64"]
[EventDate "2018.03.24"]
[EventType "swiss"]
[EventRounds "8"]
[EventCountry "GER"]
[SourceTitle "EXT 2020"]
[Source "ChessBase"]
[SourceDate "2019.10.17"]
[SourceVersion "1"]
[SourceVersionDate "2019.10.17"]
[SourceQuality "1"]

1. e4 e6 2. d4 d5 3. Nc3 Nf6 4. e5 Nfd7 5. f4 c5 6. Nf3 Nc6 7. Be3 Qb6 8. Na4 Qa5+ 9. c3 cxd4 10. b4 Nxb4 11. cxb4 Bxb4+ 12. Bd2 Bxd2+ 13. Nxd2 b5 14. Nb2 Nc5 15. Qc2 Ne4 16. Bd3 Bb7 17. Bxe4 dxe4 18. 0-0 Rc8 19. Qd1 Qc3 20. Rb1 Bd5 21. Nb3 Qe3+ 22. Kh1 d3 23. Qd2 Qxd2 24. Nxd2 e3 25. Nxd3 exd2 26. Nb4 Bc4 27. Rf2 a5 28. Na6 b4 29. Nxb4 axb4 30. Rxd2 0-0 31. h3 Ra8 32. Rbb2 Rfb8 0-1

[Event "Oberpfalz-ch M2"]
[Site "Windischeschenbach"]
[Date "2017.04.11"]
[Round "8"]
[White "Achhammer, Thomas"]
[Black "Blanter, Sofya"]
[Result "0-1"]
[WhiteElo "1693"]
[BlackElo "1791"]
[PlyCount "62"]
[EventDate "2017.04.08"]
[EventType "swiss"]
[EventRounds "8"]
[EventCountry "GER"]
[SourceTitle "EXT 2020"]
[Source "ChessBase"]
[SourceDate "2019.10.17"]
[SourceVersion "1"]
[SourceVersionDate "2019.10.17"]
[SourceQuality "1"]

1. e4 c6 2. d4 d5 3. f3 Qb6 4. Nc3 dxe4 5. fxe4 e5 6. dxe5 Be6 7. Na4 Qa5+ 8. c3 Qxe5 9. Qd4 Nd7 10. Nf3 Qc7 11. Ng5 b5 12. Nxe6 fxe6 13. Bg5 bxa4 14. 0-0-0 Ngf6 15. Bc4 Bc5 16. Qd2 Nxe4 17. Qe2 Nxg5 18. Qh5+ Nf7 19. Rhf1 0-0 20. Bxe6 Nde5 21. Kc2 g6 22. Bxf7+ Rxf7 23. Rxf7 Qxf7 24. Qxe5 Bf8 25. b3 axb3+ 26. axb3 Re8 27. Qd4 Bh6 28. c4 Qf5+ 29. Qd3 Re2+ 30. Kc3 Bg7+ 31. Kb4 a5+ 0-1

[Event "Oberpfalz-ch M2"]
[Site "Windischeschenbach"]
[Date "2017.04.10"]
[Round "6"]
[White "Landstorfer, Raphael"]
[Black "Achhammer, Thomas"]
[Result "1-0"]
[WhiteElo "1571"]
[BlackElo "1693"]
[PlyCount "98"]
[EventDate "2017.04.08"]
[EventType "swiss"]
[EventRounds "8"]
[EventCountry "GER"]
[SourceTitle "EXT 2020"]
[Source "ChessBase"]
[SourceDate "2019.10.17"]
[SourceVersion "1"]
[SourceVersionDate "2019.10.17"]
[SourceQuality "1"]

1. e4 e6 2. d4 d5 3. Nc3 Nf6 4. e5 Nfd7 5. f4 c5 6. Nf3 Nc6 7. Be3 cxd4 8. Nxd4 Be7 9. Qd2 a6 10. 0-0-0 Nxd4 11. Bxd4 b5 12. Qe3 Bb7 13. Bd3 Rc8 14. Qg3 g6 15. h4 Nc5 16. h5 g5 17. f5 Nxd3+ 18. Qxd3 Bc5 19. Bxc5 Rxc5 20. Ne4 Rc6 21. Nd6+ Rxd6 22. exd6 Qxd6 23. fxe6 fxe6 24. Rhf1 Qe7 25. Qg3 Kd7 26. Rf2 h6 27. Rdf1 Rh7 28. Qb8 Kc6 29. Qf8 Qc7 30. Rf7 Rxf7 31. Qxf7 Qe5 32. Qf3 Kb6 33. Qf2+ d4 34. c3 Kc5 35. cxd4+ Qxd4 36. Qxd4+ Kxd4 37. Rf6 Ke5 38. Rxh6 Bxg2 39. Rh8 Kf6 40. Rg8 Be4 41. h6 Bg6 42. Rg7 g4 43. Kd2 e5 44. Ra7 g3 45. Ke3 e4 46. h7 Bxh7 47. Rxh7 g2 48. Kf2 e3+ 49. Kxg2 Ke5 1-0

[Event "Oberpfalz-ch M3"]
[Site "Kareth Lappersdorf"]
[Date "2008.03.18"]
[Round "8"]
[White "Achhammer, Thomas"]
[Black "Muehlberger, Ottmar"]
[Result "0-1"]
[WhiteElo "1153"]
[BlackElo "1163"]
[PlyCount "113"]
[EventDate "2008.03.15"]
[EventType "swiss"]
[EventRounds "8"]
[EventCountry "GER"]
[SourceTitle "EXT 2022"]
[Source "ChessBase"]
[SourceDate "2021.10.06"]
[SourceVersion "1"]
[SourceVersionDate "2021.10.06"]
[SourceQuality "1"]

1. e4 g6 2. d4 d6 3. Nc3 Bg7 4. f4 e6 5. Nf3 Nf6 6. Be3 0-0 7. Bd3 Ng4 8. Bg1 c6 9. h3 Nf6 10. Be3 Nbd7 11. 0-0 b6 12. Qd2 c5 13. f5 cxd4 14. Nxd4 e5 15. Nc6 Qe8 16. fxg6 hxg6 17. Bc4 Bb7 18. Bd5 Nxd5 19. exd5 Nf6 20. Bg5 Nh5 21. Be7 Bxc6 22. Bxf8 Kxf8 23. dxc6 Qxc6 24. Qd5 Qc5+ 25. Qxc5 bxc5 26. Nd5 e4 27. Kh2 Rb8 28. Rab1 Rxb2 29. Rxb2 Bxb2 30. g4 Be5+ 31. Kg2 Ng7 32. Re1 f5 33. Rf1 Kf7 34. gxf5 gxf5 35. Ne3 Ke6 36. c4 Bd4 37. Nd5 Ke5 38. Nf4 Ne6 39. Nxe6 Kxe6 40. Re1 f4 41. Rb1 f3+ 42. Kf1 e3 43. Rc1 Kf5 44. Rc2 Kf4 45. h4 Kg3 46. h5 e2+ 47. Rxe2 fxe2+ 48. Kxe2 Kf4 49. Kd3 Kg5 50. Ke4 Be5 51. Kd5 Kxh5 52. Kc6 Kg5 53. a4 a5 54. Kb5 Bc3 55. Kc6 Kf5 56. Kxd6 Bb4 57. Kd5 0-1

[Event "Oberpfalz-ch M3"]
[Site "Kareth Lappersdorf"]
[Date "2008.03.15"]
[Round "2"]
[White "Achhammer, Thomas"]
[Black "Voith, Walter"]
[Result "0-1"]
[WhiteElo "1153"]
[BlackElo "1523"]
[PlyCount "118"]
[EventDate "2008.03.15"]
[EventType "swiss"]
[EventRounds "8"]
[EventCountry "GER"]
[SourceTitle "EXT 2022"]
[Source "ChessBase"]
[SourceDate "2021.10.06"]
[SourceVersion "1"]
[SourceVersionDate "2021.10.06"]
[SourceQuality "1"]

1. e4 c6 2. d4 d5 3. e5 Bf5 4. Bd3 Bxd3 5. Qxd3 e6 6. f4 Ne7 7. Nf3 h5 8. Be3 Nf5 9. Nbd2 Qa5 10. c3 c5 11. Nb3 c4 12. Nxa5 cxd3 13. Bd2 b6 14. Nb3 Nc6 15. Nc1 Na5 16. b3 Rc8 17. Nxd3 Ba3 18. Rb1 Ke7 19. Kf2 Rc7 20. b4 Nc4 21. Rb3 Rhc8 22. Be1 Nfe3 23. Nd2 Nc2 24. Nb1 a6 25. h3 g6 26. g4 Rh8 27. g5 Rf8 28. Bd2 Nxd2 29. Nxd2 Rxc3 30. Nb1 Rxb3 31. axb3 Bxb4 32. Nxb4 Nxb4 33. Nd2 Rc8 34. Ke2 Kd7 35. h4 a5 36. Rh3 Kc6 37. Kd1 Kb5 38. Nb1 Rc7 39. Nc3+ Ka6 40. Kd2 b5 41. Rh1 Nc6 42. Kd3 Ne7 43. Rh2 Nf5 44. Ne2 b4 45. Rh3 Kb5 46. Kd2 a4 47. bxa4+ Kxa4 48. Kd3 Rc4 49. Rh1 Kb5 50. Rh2 Ne7 51. Ng1 Rc3+ 52. Kd2 Kc4 53. Ne2 Ra3 54. Rh1 Ra2+ 55. Kd1 Ra1+ 56. Nc1 Kxd4 57. Kd2 Ke4 58. Rh3 Ra3 59. Nd3 Nc6 0-1